000 00385nam a2200157Ia 4500
008 230917s9999||||xx |||||||||||||| ||und||
040 _e63727
_aMAIN
041 _aEnglish
082 _a589.2 W394I
100 _aWebster, John
245 0 _aIntroduction to fungi
250 _a2nd ed.
260 _aCambridge
_bCambridge University Press
_c1985
300 _ax, 669 p.
942 _cBK
999 _c47108
_d47108